|
|
|
|
| LEADER |
00000nas a22000007a 4500 |
| 005 |
20130326185731.0 |
| 007 |
cr|||| |||| |
| 008 |
130326e2012 sp |||||s|||| 00||0 spa d |
| 020 |
|
|
|a 978-84-15260-29-5
|
| 035 |
|
|
|a 10915
|
| 040 |
|
|
|a vLex
|
| 090 |
|
|
|c 4036
|d 4036
|
| 100 |
1 |
0 |
|a Bergalli, Roberto
|
| 245 |
0 |
0 |
|a Louk Hulsman
|b ¿qu ̌queda de los abolicionismos?
|h [Recurso electrn̤ico]
|c / Roberto Bergalli, Iąki Rivera Beiras
|
| 256 |
|
|
|a Servicio en ln̕ea
|
| 260 |
|
|
|a Barcelona :
|b Editorial Anthropos,
|c 2012
|
| 300 |
|
|
|a 1 Recurso electrn̤ico
|
| 506 |
|
|
|d vLex Global
|d vLex Global (Academic Edition, excluding Law Schools)
|d vLex Global (U.S. Academic Edition, Law Schools)
|d vLex Global (Academic Edition, Law Schools)
|d vLex Global (U.S. Academic Edition, excluding Law Schools)
|
| 650 |
0 |
4 |
|a Esclavitud
|
| 650 |
0 |
4 |
|a Abolicionismo
|
| 650 |
0 |
4 |
|a Historia del Derecho
|
| 650 |
0 |
4 |
|a Derechos humanos
|
| 700 |
1 |
0 |
|a Rivera Beiras, Iąki
|
| 740 |
|
|
|a vLex Libros (Servicio en ln̕ea)
|
| 856 |
|
|
|a Acceso restringido
|u http://www.vlex.com/source/10915
|
| 942 |
|
|
|c BOOK
|
| 999 |
|
0 |
|a Human rights
|